| 000 | 00570nam a22001337a 4500 | ||
|---|---|---|---|
| 040 | _cRUA | ||
| 082 | _aAGR MAY 2012 B051 Or.1 | ||
| 100 | _aMAY, SOKHOUR. | ||
| 245 | _aYield and quality of tomato varieties under different soil conditions ទិន្នផល និងគុNភាពនៃប៉េងប៉ោះក្នុងលក្ខខណ្ឌដីខុសគ្នា | ||
| 260 |
_aPhnom Penh _bRUA _c2012 |
||
| 300 |
_axiii; 51p. _bill. _c29cm. |
||
| 856 | _uhttps://drive.google.com/file/d/1c7IxiZFt4edgYXl0Nv2oBjLtnmuQMNfM/view?usp=sharing | ||
| 942 | _cAGR | ||
| 999 |
_c1209 _d1209 |
||